00269nam a2200109Ia 4500008004100000245002900041260002200070300001200092500002200104650001900126650001400145220216s9999 xx 000 0 und d 0aNR: Plans for the future bRubber Asiac2014 a174-176 aSource Year: 2014 aNatural rubber aSri Lanka